Elton John - I Think (I'm Gonna Kill Myself) Lyrics Quiz - Statistics

General Stats
  • This quiz has been taken 4 times
  • The average score is 83 of 200
Answer Stats
Answer % Correct
a
100%
A
100%
gonna
100%
I
100%
kill
100%
me
100%
my
100%
myself,
100%
myself
100%
the
100%
there's
100%
to
100%
an
67%
and
67%
are?
67%
if
67%
I'm
67%
I've
67%
on
67%
see
67%
think
67%
want
67%
what
67%
who
67%
you
67%
all
33%
be
33%
by
33%
can't
33%
do
33%
for
33%
gotta
33%
I'd
33%
I'll
33%
in
33%
is
33%
life,
33%
like
33%
little
33%
make
33%
no
33%
not
33%
of
33%
say
33%
this
33%
around
0%
Bardot
0%
being
0%
blues.
0%
blues,
0%
bored,
0%
Bridgette
0%
buy
0%
car.
0%
'cause
0%
come,
0%
couple
0%
days,
0%
died!
0%
died,
0%
every
0%
everywhere,
0%
exception,
0%
family,
0%
flies,
0%
fourty-four,
0%
get
0%
getting
0%
give
0%
headline
0%
lot
0%
mankind;
0%
more,
0%
news,
0%
night.
0%
o'clock,
0%
part
0%
People
0%
people
0%
race
0%
rift
0%
'round
0%
rushing
0%
save
0%
scandal
0%
state
0%
stick
0%
suicide,
0%
surprise.
0%
swarming
0%
teenage
0%
ten
0%
them
0%
they
0%
time.
0%
use
0%
waste
0%
Yeah,
0%
No matching quizzes found
Score Distribution
Percent of People with Each Score
Percentile by Number Answered
Your Score History
You have not taken this quiz